| 000 | 00657nam a2200205Ia 4500 | ||
|---|---|---|---|
| 003 | GCL | ||
| 008 | 140319s9999 xx 000 0 ara d | ||
| 040 |
_aGCL / _cGCL |
||
| 082 | 0 | 4 |
_a956.604 _bف ك |
| 100 | 1 | _aفؤاد البدوى | |
| 245 | 1 | 0 |
_aالكتاب الاخضر فى السياسة اللبنانية 1943 - 1950 / _cفؤاد البدوى |
| 250 | _aالاولى | ||
| 300 | _a191 ص | ||
| 490 | _a | ||
| 650 | 0 | 4 | _aالاحوال السياسية |
| 650 | 0 | 4 | _aالاحوال الاقتصادية |
| 650 | 0 | 4 | _aلبنان - تاريخ - العصر الحديث |
| 650 | 0 | 4 | _aرجال الدولة , صور شخصية |
| 942 |
_2ddc _cBK |
||
| 999 |
_c45209 _d45209 |
||